01465nam a22002172a 450000100060000000300080000600500170001400800410003103500190007204000530009104100080014408200190015224500640017126000500023530000320028550507860031765000280110365000500113165000460118170000200122722390BD-RjUL20211209000812.0140308s1944 nyu b 000 1 eng c a(BD-RjUL)22455 aColumbia Univ. LibrariescTYCdEQOdBD-RjULbeng aeng a895.13082bCON10aContemporary Chinese stories /ctranslated by Chi-chen Wang aNew York :bColumbia University Press,c1944. aix p., 1 β., 242 p.c22 cm0 aThe road, by Chang Tʿien-yi.--The inside story, by Chang Tʿien-yi. --A country boy withdraws from school, by Lao Hsiang.--Black Li and White Li, by Lao She.--The glasses, by Lao She.--Grandma takes charge, by Lao She.--The philanthropist, by Lao She.--Liu's court, by Lao She.--The puppet dead, by Pa Chin.--Night march, by Shen Tsʿung-wen.--Smile! By Chang Tʿien-yi.--Reunion, by Chang Tʿien-yi.--Little sister, by Feng Wen-ping.--The helpmate, by Ling Shu-hua (Mrs. Chʿen Tʿung-po)--Spring silkworms, by Mao Dun.--"A true Chinese," by Mao Dun.--Mrs. Li's hair, by Yeh Shao-chün.--Neighbors, by Yeh Shao-chün.--What's the difference? By Lusin.--Peking street scene, by Lusin.--Yuchun, by Yang Chen-sheng.--Glossary.--Bibliographical note (p.[235])--Notes on the authors 0aShort stories, Chinese. 0aChinese literaturevTranslations into English 0aEnglish literaturexTranslations, Chinese aWang, Chi-Chen,